From paradise to the promised land : (Record no. 10985)

MARC details
000 -LEADER
fixed length control field 01288cam a22003374a 4500
001 - CONTROL NUMBER
control field 12684990
003 - CONTROL NUMBER IDENTIFIER
control field GBCCL
005 - DATE AND TIME OF LATEST TRANSACTION
control field 20251106144126.0
008 - FIXED-LENGTH DATA ELEMENTS--GENERAL INFORMATION
fixed length control field 020214s2002 enkab b 001 0 eng
020 ## - INTERNATIONAL STANDARD BOOK NUMBER
International Standard Book Number 0801025974
Qualifying information pbk.
020 ## - INTERNATIONAL STANDARD BOOK NUMBER
International Standard Book Number 9780801025976
Qualifying information (pbk.)
035 ## - SYSTEM CONTROL NUMBER
System control number 12684990
035 ## - SYSTEM CONTROL NUMBER
System control number (DLC) 2002023062
035 ## - SYSTEM CONTROL NUMBER
System control number (DLC)911
040 ## - CATALOGING SOURCE
Original cataloging agency DLC
Transcribing agency DLC
Modifying agency DLC
082 00 - DEWEY DECIMAL CLASSIFICATION NUMBER
Classification number 222.1061
Edition information 21
Item number ALE 1
100 1# - MAIN ENTRY--PERSONAL NAME
Personal name Alexander, T.D.
245 10 - TITLE STATEMENT
Title From paradise to the promised land :
Remainder of title an introduction to the Pentateuch /
Statement of responsibility, etc. T.D. Alexander.
250 ## - EDITION STATEMENT
Edition statement 2nd ed.
260 ## - PUBLICATION, DISTRIBUTION, ETC.
Place of publication, distribution, etc. Carlise, Cumbria, U.K. :
Name of publisher, distributor, etc. Paternoster Press ;
Place of publication, distribution, etc. Grand Rapids, MI. :
Name of publisher, distributor, etc. Baker Academic,
Date of publication, distribution, etc. c2002.
300 ## - PHYSICAL DESCRIPTION
Extent xxi, 339 p. :
Other physical details ill., maps ;
Dimensions 23 cm.
336 ## - CONTENT TYPE
Content type term text
Content type code txt
Source rdacontent
337 ## - MEDIA TYPE
Media type term unmediated
Media type code n
Source rdamedia
338 ## - CARRIER TYPE
Carrier type term volume
Carrier type code nc
Source rdacarrier
504 ## - BIBLIOGRAPHY, ETC. NOTE
Bibliography, etc. note Includes bibliographical references (p. [281]-318) and indexes.
630 00 - SUBJECT ADDED ENTRY--UNIFORM TITLE
Uniform title Bible.
Name of part/section of a work Pentateuch
General subdivision Criticism, interpretation, etc.
906 ## - LOCAL DATA ELEMENT F, LDF (RLIN)
a 7
b cbc
c orignew
d 1
e ocip
f 20
g y-gencatlg
942 ## - ADDED ENTRY ELEMENTS (KOHA)
Source of classification or shelving scheme Dewey Decimal Classification
Koha item type Books
Suppress in OPAC No
Holdings
Withdrawn status Lost status Source of classification or shelving scheme Damaged status Not for loan Home library Current Library Shelving location Date acquired Total checkouts Full call number Barcode Date last seen Date last checked out Copy number Price effective from Koha item type
    Dewey Decimal Classification     GRACE BIBLE COLLEGE GRACE BIBLE COLLEGE Biblical Studies 2025-11-06 3 222.1061 ALE 017235 2026-02-18 2026-02-13 c.1 2025-11-06 Books
© Grace Bible College Library 2025